00813pam a2200229 a 4500008004100000020002200041245011900063260004000182300003600222504004100258500002000299650003800319650004300357650004300400650005000443700002000493700002400513700001900537003000100556005001700557040000900574  a3110136430 (hbk.)00aInstitutional investors and corporate governance /cedited by Theodor Baums, Richard M. Buxbaum and Klaus J. Hopt. aBerlin :bWalter de Gruyter,c1993. axxvii, 695 p. :bill. ;c24 cm. aIncludes bibliographical references. aIncludes index. 0aCorporate governancexCongresses. 0aInstitutional investmentsxCongresses. 0aDirectors of corporationsxCongresses. 0aCorporationsxInvestor relationsxCongresses.1 aBaums, Theodor.1 aBuxbaum, Richard M.1 aHopt, Klaus J.20230123125511.0 cNUST